Stolice landów Niemiec - Statystyki

Ogólne statystyki
  • Ten quiz został rozwiązany 4 674 razy
  • Średni wynik to 8 z 16
Odpowiedzi na mapie
Odpowiedzi zakodowano w zielono-czerwonej skali na mapie do tego quizu, zgodnie z poniższymi procentami.
 
Statystyki odpowiedzi
Land Populacja Stolica % Poprawnych
(Land z pojedynczym miastem) 3 375 222 Berlin
99%
Bawaria 1 388 308 Monachium
97%
(Land z pojedynczym miastem) 1 738 366 Hamburg
93%
Saksonia 525 105 Drezno
74%
(Land z tą samą nazwą co stolica) 546 451 Brema
65%
Badenia - Wirtembergia 591 015 Stuttgart
56%
Nadrenia Północna - Westfalia 593 682 Düsseldorf
47%
Brandenburgia 159 456 Poczdam
45%
Dolna Saksonia 509 485 Hanower
43%
Szlezwik - Holsztyn 239 866 Kilonia
40%
Saksonia - Anhalt 228 910 Magdeburg
32%
Saara 176 996 Saarbrücken
31%
Turyngia 203 485 Erfurt
21%
Nadrenia - Palatynat 201 002 Moguncja
18%
Meklemburgia - Pomorze Przednie 91 264 Schwerin
15%
Hesja 272 636 Wiesbaden
14%
Nie znaleziono quizów pasujących do podanych kryteriów
Rozkład punktacji
Procent ludzi z każdym wynikiem
Percentyl według liczby udzielonych odpowiedzi
Twoja historia wyników
Nie rozwiązałeś tego quizu